| 000 | 01071cam a22002411 4500 | ||
|---|---|---|---|
| 001 | l 26000274 | ||
| 003 | DLC | ||
| 005 | 20260227111530.0 | ||
| 008 | 820626s1927 xx a 000 0 eng | ||
| 010 | _al 26000274 | ||
| 035 | _a(OCoLC)14732944 | ||
| 040 |
_aDLC _cDNLM _dOCoLC _dDLC |
||
| 042 | _apremarc | ||
| 050 | 0 | 0 |
_aHV742.P4 _bD4 |
| 060 | 0 |
_aW1 _bUN6181 no.176 1927 |
|
| 100 | 1 |
_aDeardorff, Neva Ruth, _d1887- |
|
| 245 | 1 | 0 |
_aChild-welfare conditions and resources in seven Pennsylvania counties, _cby Neva R. Deardorff. |
| 260 |
_aWashington, _bU.S. Govt. print. off., _c1927. |
||
| 300 |
_avii, 305 p. _bill. |
||
| 410 | 1 | 0 |
_aUnited States. _bChildren's Bureau. _tPublication _vno. 176 |
| 500 | _aAt head of title: U. S. Department of labor. James J. Davis, secretary. Children's bureau. Grace Abbott, chief. | ||
| 500 | _a"The investigation was made by the Social-service division of the Children's bureau. The report has been written by Dr. Neva R. Deardorff, the executive secretary of the Pennsylvania children's commission." - Letter of transmittal. | ||
| 999 |
_c35833 _d35833 |
||